Diccionario de la conjugación : los 12.500 verbos castellanos /
Guardado en:
| Autor Principal: | |
|---|---|
| Formato: | Libro |
| Publicado: |
Buenos Aires :
Kapelusz,
1955
|
| Materias: | |
| Etiquetas: |
Agregar Etiqueta
Sin Etiquetas, Sea el primero en etiquetar este registro!
|
| LEADER | 00540nam a22001695a 4500 | ||
|---|---|---|---|
| 001 | CEM.cems013253 | ||
| 005 | 20100217121638.0 | ||
| 008 | 130507s1955##################000#0#####d | ||
| 003 | CEMS | ||
| 082 | 0 | 4 | |a C465.803 |
| 100 | 1 | |a García Elorrio, Aurelio | |
| 245 | 1 | 0 | |a Diccionario de la conjugación : |b los 12.500 verbos castellanos / |c Aurelio García Elorrio |
| 260 | |a Buenos Aires : |b Kapelusz, |c 1955 | ||
| 300 | |a 344 p. | ||
| 653 | |a Diccionarios | ||
| 653 | |a Verbos-conjugación | ||
| 859 | |a CEMS |b BIB. CEMS - 11 de abril |h C465.803 |i G165a4 |p 124.73 |t Ej.1 | ||
